[Event "Titled Tuesday intern op 13th Feb Early"]
[Site "Chess.com INT"]
[Date "2024.02.13"]
[Round "1"]
[White "Stanojevic, Ilija"]
[Black "Banh, Gia Huy"]
[Result "0-1"]
[WhiteElo "2209"]
[BlackElo "2390"]
[PlyCount "110"]
[EventDate "2024.02.13"]
[EventType "swiss (blitz)"]
[EventRounds "11"]
[EventCountry "USA"]
[SourceTitle "CB08_2024"]
[SourceDate "2024.02.21"]
[SourceVersion "1"]
[SourceVersionDate "2024.02.21"]
[SourceQuality "1"]

1. d4 Nf6 2. c4 g6 3. g3 Bg7 4. Bg2 0-0 5. Nc3 d6 6. Nf3 Bf5 7. Nh4 Bc8 8. 0-0 c5 9. d5 a6 10. Nf3 b5 11. cxb5 axb5 12. Nxb5 Ba6 13. Nc3 Nbd7 14. Re1 Qa5 15. Qc2 Rfb8 16. h3 Ne8 17. Bd2 Nc7 18. a4 Qb6 19. a5 Qxb2 20. Qxb2 Rxb2 21. Na4 Rxd2 22. Nxd2 Bxa1 23. Rxa1 Bxe2 24. Nb3 Bc4 25. Nb6 Bxb3 26. Nxa8 Nxa8 27. Rb1 c4 28. Bf1 e6 29. dxe6 fxe6 30. Bxc4 Bxc4 31. Rb7 Nc5 32. Rb8+ Kf7 33. Rxa8 d5 34. f4 Kf6 35. Kf2 e5 36. Ke3 d4+ 37. Kd2 exf4 38. gxf4 Kf5 39. Rf8+ Ke4 40. Rd8 Nb3+ 41. Kc2 Nxa5 42. Ra8 Nc6 43. Rc8 Nb4+ 44. Kd2 Be6 45. Re8 Kd5 46. h4 Bf5 47. Rd8+ Ke4 48. Re8+ Kxf4 49. Rh8 h5 50. Rd8 d3 51. Rd4+ Kg3 52. Rxb4 Kf3 53. Rd4 Kf2 54. Rxd3 Bxd3 55. Kxd3 Kg3 0-1

[Event "Prague op 22nd"]
[Site "Prague"]
[Date "2024.01.05"]
[Round "1"]
[White "Stanojevic, Ilija"]
[Black "Basiaga, Sebastian"]
[Result "1-0"]
[WhiteElo "2206"]
[BlackElo "1837"]
[PlyCount "67"]
[EventDate "2024.01.05"]
[EventType "swiss"]
[EventRounds "9"]
[EventCountry "CZE"]
[SourceTitle "CB03_2024"]
[SourceDate "2024.01.17"]
[SourceVersion "1"]
[SourceVersionDate "2024.01.17"]
[SourceQuality "1"]

1. d4 d5 2. c4 c6 3. Nf3 Nf6 4. g3 Bf5 5. Nc3 e6 6. Nh4 Bg6 7. Bg2 Nbd7 8. 0-0 Be7 9. b3 0-0 10. Nxg6 hxg6 11. Bb2 a5 12. Rc1 Qb6 13. Qc2 Rac8 14. e4 dxe4 15. Nxe4 Nxe4 16. Bxe4 Nf6 17. Bf3 Rfd8 18. Rfe1 Qc7 19. Rcd1 Rd7 20. Kg2 Rcd8 21. Qe2 Qb6 22. Rd3 Qc7 23. h4 Bf8 24. Re3 c5 25. d5 exd5 26. Bxf6 gxf6 27. Bxd5 Bd6 28. h5 Kg7 29. Qg4 Rh8 30. Bxf7 g5 31. Bd5 Be5 32. Rxe5 fxe5 33. Qxg5+ Kf8 34. Qf6+ 1-0

[Event "Belgrade Serbia op"]
[Site "Belgrade"]
[Date "2023.07.20"]
[Round "5"]
[White "Omarsson, Adam"]
[Black "Stanojevic, Ilija"]
[Result "0-1"]
[WhiteElo "1843"]
[BlackElo "2133"]
[PlyCount "82"]
[EventDate "2023.07.16"]
[EventType "swiss"]
[EventRounds "9"]
[EventCountry "SRB"]
[SourceTitle "CBM 215 Extra"]
[Source "ChessBase"]
[SourceDate "2023.09.30"]
[SourceVersion "1"]
[SourceVersionDate "2023.09.30"]
[SourceQuality "1"]

1. d4 Nf6 2. c4 e6 3. Nc3 Bb4 4. f3 c5 5. d5 b5 6. e4 0-0 7. Bd2 bxc4 8. Bxc4 Bb7 9. Nge2 Bxc3 10. Bxc3 Nxd5 11. Bxd5 exd5 12. exd5 Qg5 13. h4 Qe3 14. Qd2 Qxd2+ 15. Kxd2 Bxd5 16. Nf4 Be6 17. g4 Nc6 18. Nh5 f6 19. g5 d5 20. Ke2 d4 21. Bd2 fxg5 22. hxg5 Ne5 23. Nf4 Bc4+ 24. Kf2 Rf5 25. b3 Ba6 26. Rh4 Raf8 27. Rah1 Rxg5 28. Rxh7 Rxf4 29. Bxf4 Nd3+ 30. Ke2 Nxf4+ 31. Kd1 Rg2 32. Rh8+ Kf7 33. Ra8 Be2+ 34. Kc1 a6 35. Rhh8 Kg6 36. Ra7 Bxf3 37. Rxa6+ Kf5 38. Ra7 Ke4 39. Re7+ Kd3 40. Re1 Ne2+ 41. Kb1 Nc3+ 0-1

[Event "Titled Tuesday intern op 02nd May Early"]
[Site "Chess.com INT"]
[Date "2023.05.02"]
[Round "3"]
[White "Djokic, Mihailo"]
[Black "Stanojevic, Ilija"]
[Result "1-0"]
[WhiteElo "2192"]
[BlackElo "2142"]
[PlyCount "63"]
[EventDate "2023.05.02"]
[EventType "swiss (blitz)"]
[EventRounds "11"]
[EventCountry "USA"]
[SourceTitle "EXT 2024"]
[Source "ChessBase"]
[SourceDate "2023.10.10"]
[SourceVersion "1"]
[SourceVersionDate "2023.10.10"]
[SourceQuality "1"]

1. e4 e5 2. Nf3 Nc6 3. Nc3 Nf6 4. Bb5 Nd4 5. Nxd4 exd4 6. e5 c6 7. exf6 Qxf6 8. Qe2+ Qe7 9. Ne4 cxb5 10. 0-0 Kd8 11. Qd3 d5 12. Ng3 Be6 13. b3 Qf6 14. Bb2 Bc5 15. Qxb5 Bb6 16. a4 Qe7 17. a5 Qc5 18. Qd3 Bc7 19. Bxd4 Qd6 20. Bxg7 Rg8 21. Bf6+ Kd7 22. Rfe1 h5 23. Be5 Qc5 24. Bxc7 Qxc7 25. Qd4 h4 26. Qxh4 Rh8 27. Qf6 Rag8 28. c4 dxc4 29. bxc4 Qxc4 30. Rac1 Qh4 31. Qxh4 Rxh4 32. Ne4 1-0

[Event "Titled Tuesday intern op 02nd May Late"]
[Site "Chess.com INT"]
[Date "2023.05.02"]
[Round "1"]
[White "Kovalenko, Igor"]
[Black "Stanojevic, Ilija"]
[Result "1-0"]
[WhiteElo "2674"]
[BlackElo "2142"]
[PlyCount "77"]
[EventDate "2023.05.02"]
[EventType "swiss (blitz)"]
[EventRounds "11"]
[EventCountry "USA"]
[SourceTitle "EXT 2024"]
[Source "ChessBase"]
[SourceDate "2023.10.10"]
[SourceVersion "1"]
[SourceVersionDate "2023.10.10"]
[SourceQuality "1"]

1. e4 e5 2. Nf3 Nc6 3. Bb5 Nf6 4. d3 Bc5 5. Nc3 0-0 6. Bxc6 dxc6 7. Ne2 Bd6 8. Ng3 Be6 9. h4 Bg4 10. h5 h6 11. Be3 a5 12. Qc1 Kh7 13. Nh4 Re8 14. f3 Be6 15. Ngf5 Bf8 16. g4 c5 17. b3 a4 18. Kf2 b5 19. Kg3 Qd7 20. Rd1 Red8 21. Qb2 Bd6 22. Qc3 b4 23. Qe1 axb3 24. axb3 Bf8 25. Qf2 Qc6 26. Kg2 g5 27. hxg6+ fxg6 28. Ng3 Be7 29. Rxa8 Rxa8 30. Rh1 Kg7 31. Bxh6+ Kf7 32. Ne2 Rh8 33. Be3 Ke8 34. Nxg6 Rxh1 35. Kxh1 Bd6 36. Qh4 Kf7 37. Nh8+ Kg7 38. Qh6+ Kg8 39. Qxf6 1-0

[Event "Titled Tuesday intern op 02nd May Early"]
[Site "Chess.com INT"]
[Date "2023.05.02"]
[Round "10"]
[White "Tulchynskyi, Feliks"]
[Black "Stanojevic, Ilija"]
[Result "1-0"]
[WhiteElo "2246"]
[BlackElo "2142"]
[PlyCount "65"]
[EventDate "2023.05.02"]
[EventType "swiss (blitz)"]
[EventRounds "11"]
[EventCountry "USA"]
[SourceTitle "EXT 2024"]
[Source "ChessBase"]
[SourceDate "2023.10.10"]
[SourceVersion "1"]
[SourceVersionDate "2023.10.10"]
[SourceQuality "1"]

1. Nf3 e6 2. e4 d5 3. e5 c5 4. c3 Nc6 5. d4 Bd7 6. Bd3 Qb6 7. Bc2 cxd4 8. cxd4 Rc8 9. a3 Na5 10. 0-0 Bb5 11. Re1 Ne7 12. Nc3 Bc4 13. Na4 Qb5 14. Nc5 Nec6 15. b3 Nxd4 16. Nxd4 Qxc5 17. bxc4 Nxc4 18. Ba4+ Kd8 19. Qg4 a6 20. Bb3 b5 21. Bxc4 bxc4 22. Be3 Qc7 23. Bg5+ Kd7 24. Qf3 Ke8 25. Qh3 Bc5 26. Rad1 h6 27. Nxe6 fxe6 28. Qxe6+ Be7 29. Bxe7 Qxe7 30. Qxc8+ Qd8 31. Qxd8+ Kxd8 32. Rxd5+ Ke7 33. Rc5 1-0

[Event "Titled Tuesday intern op 28th Mar Late"]
[Site "Chess.com INT"]
[Date "2023.03.28"]
[Round "2"]
[White "Stanojevic, Ilija"]
[Black "Zierk, Steven C"]
[Result "0-1"]
[WhiteElo "2096"]
[BlackElo "2488"]
[PlyCount "50"]
[EventDate "2023.03.28"]
[EventType "swiss (blitz)"]
[EventRounds "11"]
[EventCountry "USA"]
[SourceTitle "EXT 2024"]
[Source "ChessBase"]
[SourceDate "2023.10.10"]
[SourceVersion "1"]
[SourceVersionDate "2023.10.10"]
[SourceQuality "1"]

1. d4 e6 2. c4 f5 3. Nc3 Bb4 4. Qc2 b6 5. Nf3 Bb7 6. a3 Bxc3+ 7. Qxc3 Nf6 8. b4 d6 9. Bb2 Nbd7 10. e3 0-0 11. Be2 Qe7 12. 0-0 Ne4 13. Qc2 Rf6 14. Rfd1 Rh6 15. d5 e5 16. Bd3 Ndf6 17. Nd2 Nxf2 18. Kxf2 Ng4+ 19. Kg1 Nxe3 20. Qc3 Qg5 21. Bf1 Nxd1 22. Rxd1 Qh5 23. Nf3 Rg6 24. g3 e4 25. Nh4 Qxh4 0-1

[Event "EU-ch 23rd"]
[Site "Vrnjacka Banja"]
[Date "2023.03.10"]
[Round "8"]
[White "Stanojevic, Ilija"]
[Black "Hnydiuk, Aleksander"]
[Result "0-1"]
[WhiteElo "2096"]
[BlackElo "2364"]
[PlyCount "40"]
[EventDate "2023.03.03"]
[EventType "swiss"]
[EventRounds "11"]
[EventCountry "SRB"]
[SourceTitle "CBM 213"]
[Source "ChessBase"]
[SourceDate "2023.04.30"]
[SourceVersion "1"]
[SourceVersionDate "2023.04.30"]
[SourceQuality "1"]

1. d4 Nf6 2. c4 g6 3. f3 Nc6 4. d5 Ne5 5. Nc3 d6 6. e4 Bg7 7. Be3 0-0 8. Qd2 c6 9. 0-0-0 b5 10. cxb5 cxb5 11. Bxb5 Bd7 12. f4 Neg4 13. Bd4 Bxb5 14. h3 Rc8 15. Kb1 Rxc3 16. Qxc3 Nxe4 17. Qb4 Ngf2 18. Bxg7 Kxg7 19. Nf3 Qb6 20. Ka1 Nxh1 0-1

[Event "EU-ch 23rd"]
[Site "Vrnjacka Banja"]
[Date "2023.03.07"]
[Round "5"]
[White "Roebers, Eline"]
[Black "Stanojevic, Ilija"]
[Result "1-0"]
[WhiteElo "2362"]
[BlackElo "2096"]
[PlyCount "117"]
[EventDate "2023.03.03"]
[EventType "swiss"]
[EventRounds "11"]
[EventCountry "SRB"]
[SourceTitle "CBM 213"]
[Source "ChessBase"]
[SourceDate "2023.04.30"]
[SourceVersion "1"]
[SourceVersionDate "2023.04.30"]
[SourceQuality "1"]

1. c4 e5 2. e3 Nf6 3. a3 Nc6 4. b4 d5 5. cxd5 Nxd5 6. Bb2 a6 7. Qc2 Be7 8. Nf3 Qd6 9. d3 f5 10. Nbd2 Bf6 11. Be2 0-0 12. 0-0 Kh8 13. Rfe1 Qe7 14. Bf1 e4 15. Nd4 Nxd4 16. Bxd4 Bxd4 17. exd4 e3 18. fxe3 Nxe3 19. Qc1 f4 20. Nc4 Re8 21. Nxe3 fxe3 22. Ra2 Bg4 23. Be2 Be6 24. Rc2 Bd5 25. Rxc7 Qg5 26. Bf1 Rf8 27. Rc2 Rae8 28. g3 Qf6 29. Qb2 Rc8 30. Rce2 Rce8 31. Bg2 Bf3 32. Rxe3 Rxe3 33. Rxe3 Bxg2 34. Qxg2 Rc8 35. Qf2 Qd6 36. Qf4 Rc1+ 37. Kf2 Rc2+ 38. Re2 Rxe2+ 39. Kxe2 Qe6+ 40. Kf3 h6 41. Qe4 Qh3 42. d5 Qf1+ 43. Kg4 Qf6 44. Qe8+ Kh7 45. Qe6 Qa1 46. Qe4+ g6 47. d6 Qd1+ 48. Kf4 Kg7 49. Qxb7+ Kg8 50. Qc8+ Kg7 51. Qd7+ Kg8 52. Qe8+ Kg7 53. Qe7+ Kg8 54. d7 g5+ 55. Ke5 Qe2+ 56. Kd6 Qxd3+ 57. Kc7 Qc4+ 58. Kb8 Qb5+ 59. Ka7 1-0

[Event "EU-ch 23rd"]
[Site "Vrnjacka Banja"]
[Date "2023.03.03"]
[Round "1"]
[White "Nevednichy, Vladislav"]
[Black "Stanojevic, Ilija"]
[Result "1-0"]
[WhiteElo "2457"]
[BlackElo "2096"]
[PlyCount "73"]
[EventDate "2023.03.03"]
[EventType "swiss"]
[EventRounds "11"]
[EventCountry "SRB"]
[SourceTitle "CBM 213"]
[Source "ChessBase"]
[SourceDate "2023.04.30"]
[SourceVersion "1"]
[SourceVersionDate "2023.04.30"]
[SourceQuality "1"]

1. e4 e5 2. Nf3 Nc6 3. Bc4 Bc5 4. d3 Nf6 5. 0-0 0-0 6. Bg5 h6 7. Bh4 Be7 8. Bg3 d6 9. a4 Bg4 10. h3 Bh5 11. c3 d5 12. exd5 Nxd5 13. a5 a6 14. Nbd2 b5 15. axb6 Nxb6 16. Bxa6 Rxa6 17. Rxa6 Qxd3 18. Ra1 e4 19. Ne5 Bxd1 20. Nxd3 Be2 21. Ne5 Nxe5 22. Rfe1 Bd3 23. Bxe5 f5 24. Bxc7 Nd5 25. Be5 Bc5 26. Nb3 Bb6 27. Bd4 Rb8 28. Bxb6 Rxb6 29. Ra3 f4 30. Nc5 Rxb2 31. Nxd3 exd3 32. Rd1 f3 33. g3 d2 34. c4 Nb4 35. Ra8+ Kf7 36. Rd8 Rc2 37. R8xd2 1-0

[Event "SRB-ch sf"]
[Site "Novi Banovci"]
[Date "2023.02.07"]
[Round "2"]
[White "Stanojevic, Ilija"]
[Black "Sredojevic, Ivan"]
[Result "1/2-1/2"]
[WhiteElo "2091"]
[BlackElo "2251"]
[PlyCount "81"]
[EventDate "2023.02.06"]
[EventType "swiss"]
[EventRounds "9"]
[EventCountry "SRB"]
[SourceTitle "CBM 212 Extra"]
[Source "ChessBase"]
[SourceDate "2023.03.31"]
[SourceVersion "1"]
[SourceVersionDate "2023.03.31"]
[SourceQuality "1"]

1. d4 Nf6 2. c4 e6 3. g3 Bb4+ 4. Nd2 c5 5. a3 Bxd2+ 6. Qxd2 cxd4 7. Nf3 0-0 8. Bg2 Nc6 9. Nxd4 d5 10. cxd5 exd5 11. 0-0 Re8 12. Nxc6 bxc6 13. b4 Ne4 14. Qd4 Qb6 15. Qb2 d4 16. Bf3 Bf5 17. e3 d3 18. Bd2 Rac8 19. Bxe4 Bxe4 20. f3 Bd5 21. Qc3 Rcd8 22. Rac1 Rxe3 23. Bxe3 Qxe3+ 24. Rf2 Bxf3 25. Re1 Be2 26. Rexe2 dxe2 27. Qxe3 Rd1+ 28. Kg2 e1Q 29. Qxe1 Rxe1 30. Rd2 g5 31. Rd7 a5 32. bxa5 Re3 33. a4 Re4 34. a6 Rxa4 35. a7 Kg7 36. Rc7 Ra3 37. Rxc6 Rxa7 38. g4 Ra2+ 39. Kg3 Ra3+ 40. Kg2 Re3 41. h3 1/2-1/2

[Event "Titled Tuesday intern op 10th Jan Late"]
[Site "Chess.com INT"]
[Date "2023.01.10"]
[Round "1"]
[White "Mikaelyan, Arman"]
[Black "Stanojevic, Ilija"]
[Result "1-0"]
[WhiteElo "2504"]
[BlackElo "2091"]
[PlyCount "35"]
[EventDate "2023.01.10"]
[EventType "swiss (blitz)"]
[EventRounds "11"]
[EventCountry "USA"]
[SourceTitle "EXT 2024"]
[Source "ChessBase"]
[SourceDate "2023.10.10"]
[SourceVersion "1"]
[SourceVersionDate "2023.10.10"]
[SourceQuality "1"]

1. d4 d5 2. Nf3 Nf6 3. Bf4 c5 4. e3 Nc6 5. Nbd2 e6 6. c3 Bd6 7. Bg3 Qc7 8. dxc5 Bxg3 9. hxg3 a5 10. Bd3 a4 11. e4 Qa5 12. exd5 Nxd5 13. Ne4 0-0 14. Rxh7 Kxh7 15. Nfg5+ Kh6 16. Qg4 f5 17. Qh4+ Kg6 18. Qh7# 1-0

[Event "Titled Tuesday intern op 10th Jan Early"]
[Site "Chess.com INT"]
[Date "2023.01.10"]
[Round "2"]
[White "Stanojevic, Ilija"]
[Black "Hambleton, Aman"]
[Result "0-1"]
[WhiteElo "2091"]
[BlackElo "2420"]
[PlyCount "48"]
[EventDate "2023.01.10"]
[EventType "swiss (blitz)"]
[EventRounds "11"]
[EventCountry "USA"]
[SourceTitle "EXT 2024"]
[Source "ChessBase"]
[SourceDate "2023.10.10"]
[SourceVersion "1"]
[SourceVersionDate "2023.10.10"]
[SourceQuality "1"]

1. d4 Nf6 2. c4 e6 3. g3 c5 4. d5 exd5 5. cxd5 d6 6. Nc3 g6 7. Bg2 Bg7 8. Nf3 0-0 9. 0-0 Nbd7 10. Bf4 Qe7 11. Re1 a6 12. a4 Ng4 13. e4 Re8 14. h3 Nge5 15. Bg5 Nxf3+ 16. Qxf3 Qxg5 17. a5 h5 18. h4 Qf6 19. Qd3 Ne5 20. Qc2 Nf3+ 21. Bxf3 Qxf3 22. Qe2 Qxe2 23. Rxe2 Bg4 24. Ree1 Bf3 0-1

[Event "Titled Tuesday intern op 10th Jan Early"]
[Site "Chess.com INT"]
[Date "2023.01.10"]
[Round "5"]
[White "Stanojevic, Ilija"]
[Black "Sattarov, Bobir"]
[Result "1-0"]
[WhiteElo "2091"]
[BlackElo "2392"]
[PlyCount "113"]
[EventDate "2023.01.10"]
[EventType "swiss (blitz)"]
[EventRounds "11"]
[EventCountry "USA"]
[SourceTitle "EXT 2024"]
[Source "ChessBase"]
[SourceDate "2023.10.10"]
[SourceVersion "1"]
[SourceVersionDate "2023.10.10"]
[SourceQuality "1"]

1. d4 Nf6 2. c4 e6 3. g3 d5 4. Bg2 dxc4 5. Nf3 a6 6. 0-0 b5 7. Ne5 Nd5 8. e4 Nb6 9. d5 exd5 10. exd5 Bd6 11. Re1 0-0 12. Bf4 Re8 13. Qh5 g6 14. Qh6 N8d7 15. Nf3 Rxe1+ 16. Nxe1 Bb7 17. Bxd6 cxd6 18. Nc3 Nf6 19. Rd1 b4 20. Ne4 Nxe4 21. Bxe4 Qf6 22. Qe3 Nd7 23. Rc1 Rc8 24. Qa7 Rc7 25. Nd3 Qg5 26. f4 Qe7 27. Qd4 Nf6 28. Nf2 c3 29. bxc3 bxc3 30. Bf3 c2 31. Qd2 h5 32. Rxc2 Rxc2 33. Qxc2 Bxd5 34. Bxd5 Nxd5 35. Qc8+ Kg7 36. Qxa6 Qe1+ 37. Qf1 Qd2 38. Qd3 Qxa2 39. Qd4+ Kf8 40. Kg2 Ke7 41. Kf3 Nf6 42. Ne4 Qb3+ 43. Nc3 Ke6 44. h3 Ke7 45. g4 hxg4+ 46. hxg4 Qb7+ 47. Kg3 Qc6 48. g5 Nd7 49. Nd5+ Kd8 50. Qh8+ Nf8 51. Qxf8+ Kd7 52. Qxf7+ Kc8 53. Qf8+ Kb7 54. Ne7 Qc3+ 55. Kg4 Qc6 56. Nxc6 Kxc6 57. Qf6 1-0

[Event "Titled Tuesday intern op 27th Dec Late"]
[Site "Chess.com INT"]
[Date "2022.12.27"]
[Round "2"]
[White "Mortazavi, Ali"]
[Black "Stanojevic, Ilija"]
[Result "0-1"]
[WhiteElo "2333"]
[BlackElo "2091"]
[PlyCount "94"]
[EventDate "2022.12.27"]
[EventType "swiss (blitz)"]
[EventRounds "11"]
[EventCountry "USA"]
[SourceTitle "EXT 2024"]
[Source "ChessBase"]
[SourceDate "2023.10.10"]
[SourceVersion "1"]
[SourceVersionDate "2023.10.10"]
[SourceQuality "1"]

1. e4 c5 2. Nc3 Nc6 3. f4 g6 4. Nf3 Bg7 5. a4 d6 6. Bb5 a6 7. Bxc6+ bxc6 8. d3 Nf6 9. 0-0 0-0 10. Qe1 Rb8 11. b3 Qa5 12. Bd2 Qc7 13. Kh1 Bg4 14. Rc1 Bxf3 15. Rxf3 Nd7 16. Rh3 Rfe8 17. Qh4 Nf8 18. f5 Qd7 19. Ne2 d5 20. fxg6 fxg6 21. Rf1 e5 22. Rhf3 c4 23. dxc4 dxe4 24. Qxe4 Qxd2 25. Nc3 Qd4 26. Qxc6 e4 27. Rh3 e3 28. Ne2 Qd2 29. Qf3 Re7 30. Rh4 Ne6 31. Rg1 Rf8 32. Qg4 Rf2 33. Ng3 e2 34. Qe4 Bf6 35. Rg4 Nf8 36. h4 Rxe4 37. Nxe4 e1Q 38. Nxd2 Qxd2 39. Re4 Re2 40. Rg4 Re1 41. Rxe1 Qxe1+ 42. Kh2 Be5+ 43. g3 Qf2+ 44. Kh3 Ne6 45. Re4 Qf5+ 46. Rg4 h5 47. Kg2 Qg5 0-1

[Event "Titled Tuesday intern op 27th Dec Late"]
[Site "Chess.com INT"]
[Date "2022.12.27"]
[Round "1"]
[White "Stanojevic, Ilija"]
[Black "Fishbein, Alexander"]
[Result "0-1"]
[WhiteElo "2091"]
[BlackElo "2389"]
[PlyCount "76"]
[EventDate "2022.12.27"]
[EventType "swiss (blitz)"]
[EventRounds "11"]
[EventCountry "USA"]
[SourceTitle "EXT 2024"]
[Source "ChessBase"]
[SourceDate "2023.10.10"]
[SourceVersion "1"]
[SourceVersionDate "2023.10.10"]
[SourceQuality "1"]

1. d4 d5 2. c4 c6 3. Nf3 Nf6 4. Nc3 a6 5. e3 b5 6. c5 Bg4 7. h3 Bxf3 8. gxf3 e5 9. Rb1 exd4 10. exd4 g6 11. Be3 Bg7 12. Bd3 0-0 13. Qd2 Re8 14. Kd1 Nbd7 15. Kc2 Nf8 16. h4 Nh5 17. Rbg1 Ne6 18. Ne2 Qf6 19. f4 Nxc5 20. dxc5 Qxb2+ 21. Kd1 Qa1+ 22. Nc1 Bd4 23. f5 Bxe3 24. fxe3 Qe5 25. fxg6 hxg6 26. Bxg6 fxg6 27. Rxg6+ Ng7 28. Rhg1 Re7 29. Nd3 Qh5+ 30. Kc2 Rf8 31. Qg2 Rff7 32. Nf4 Qf5+ 33. Kd2 Kf8 34. h5 d4 35. Qxc6 dxe3+ 36. Ke2 Qxf4 37. h6 Qf2+ 38. Kd3 Qd2# 0-1

[Event "SRB Central-ch"]
[Site "Pirot"]
[Date "2022.11.20"]
[Round "5"]
[White "Stoyanov, Tsvetan"]
[Black "Stanojevic, Ilija"]
[Result "1-0"]
[WhiteElo "2456"]
[BlackElo "2115"]
[PlyCount "91"]
[EventDate "2022.11.16"]
[EventType "swiss"]
[EventRounds "9"]
[EventCountry "SRB"]
[SourceTitle "CBM 211 Extra"]
[Source "ChessBase"]
[SourceDate "2023.01.31"]
[SourceVersion "1"]
[SourceVersionDate "2023.01.31"]
[SourceQuality "1"]

1. c4 e5 2. Nc3 Nc6 3. Nf3 Nf6 4. g3 Bc5 5. Bg2 a6 6. 0-0 d6 7. d3 h6 8. a3 Ba7 9. b4 0-0 10. Rb1 Rb8 11. Nd2 Bd7 12. a4 Nd4 13. Nb3 b5 14. axb5 axb5 15. Nxd4 Bxd4 16. Nxb5 Bxb5 17. cxb5 d5 18. e3 Bb6 19. Qc2 Re8 20. Bb2 Qe7 21. Rfc1 Ra8 22. Qb3 Qd7 23. Rc6 Rad8 24. Rbc1 Qf5 25. h3 Qg5 26. Ra1 h5 27. Qd1 Qf5 28. Ra3 Ra8 29. Ra6 Rab8 30. Qe2 Rbd8 31. Ra3 Ra8 32. Ra6 Rad8 33. Qd1 Rb8 34. Qb3 Rbd8 35. Qc2 Rb8 36. Ra3 Ra8 37. Rxa8 Rxa8 38. e4 dxe4 39. dxe4 Qg5 40. h4 Qg4 41. Bxe5 Ne8 42. Qd2 Ra4 43. Kh2 Ra3 44. Qd8 Bxf2 45. Qxe8+ Kh7 46. Rh6+ 1-0